Sports Quiz

Random Sports or NBA Quiz
Score 0/50 Timer 07:00
0 Plays Today
NBA Player College % Correct
Dwyane WadeMarquette
98.2%
Tim DuncanWake Forest
95.2%
Larry BirdIndiana State
95%
Shaquille O'NealLouisiana State
93.5%
Paul PierceKansas
91.4%
Elton BrandDuke
87.3%
Ray AllenConnecticut
87.2%
Brandon RoyWashington
86.9%
Antawn JamisonNorth Carolina
86.3%
Rajon RondoKentucky
84.3%
Russell WestbrookUCLA
83.7%
Steve NashSanta Clara
80.5%
John StocktonGonzaga
80.1%
LaMarcus AldridgeTexas
79.3%
Deron WilliamsIllinois
79%
Jason KiddCalifornia
78.7%
Chris BoshGeorgia Tech
77.2%
Michael ReddOhio State
76.6%
Chauncey BillupsColorado
76.6%
Aaron BrooksOregon
76.1%
Lamar OdomRhode Island
73.9%
Charles BarkleyAuburn
73.4%
Devin HarrisWisconsin
73.4%
Clyde DrexlerHouston
71.9%
Alonzo MourningGeorgetown
71.5%
NBA Player College % Correct
Gilbert ArenasArizona
70.7%
David WestXavier
70.5%
David LeeFlorida
69.2%
Isaiah ThomasIndiana
67.7%
Joe JohnsonArkansas
65.1%
Danny GrangerNew Mexico
64.8%
Jason RichardsonMichigan State
63.4%
Gary PaytonOregon State
61.8%
Glen RiceMichigan
61.8%
Chris MullinSt. John's
56.9%
Karl MaloneLouisiana Tech
56.6%
Derrick ColemanSyracuse
54.5%
Scottie PippenCentral Arkansas
53.3%
Chris KamanCentral Michigan
52.4%
Robert HorryAlabama
32.8%
Dominique WilkinsGeorgia
30.7%
Theo RatliffWyoming
30.1%
Mark AguirreDePaul
29.8%
Kevin MartinWestern Carolina
28.5%
Ramon SessionsNevada
21%
Raja BellFlorida International
15.6%
Joe DumarsMcNeese State
12.2%
Devean GeorgeAugsburg
10.3%
Nate McMillanNorth Carolina State
8.8%
Terry PorterWisconsin-Stevens Point
8.3%

You're not logged in!

Compare scores with friends on all Sporcle quizzes.
OR
Log In

Sporcle TV

Today on Sporcle TV


Watch our educational content, quiz creation guides, and fun videos on Sporcle TV.

Show Comments

Extras

Top Quizzes Today


Score Distribution

Paid Content

Your Account Isn't Verified!

In order to create a playlist on Sporcle, you need to verify the email address you used during registration. Go to your Sporcle Settings to finish the process.

Report this User

Report this user for behavior that violates our Community Guidelines.

Details: